000 00295nam a2200133 i 4500
001 bg
100 1 _aLEGOWICZ, Jan
245 0 _aŻycie dla życia /
_cJ. Legowicz.
260 _aWarszawa,
_c1984.
040 _cBPK
041 _apol
942 _cKS
008 s pl f |000 0 pol
999 _c22926
_d22926
856 _uhttp://koha.tu.koszalin.pl/cgi-bin/koha/opac-detail.pl?biblionumber=22926
_yKatalog online BPK